Development and testing of mini tractor operated coleus digger (Record no. 15482)
[ view plain ]
| 000 -LEADER | |
|---|---|
| fixed length control field | 00531nam a22001577a 4500 |
| 003 - CONTROL NUMBER IDENTIFIER | |
| control field | OSt |
| 008 - FIXED-LENGTH DATA ELEMENTS--GENERAL INFORMATION | |
| fixed length control field | 180925b ||||| |||| 00| 0 eng d |
| 082 ## - DEWEY DECIMAL CLASSIFICATION NUMBER | |
| Classification number | 631.1 |
| Item number | CHI/DE |
| 100 ## - MAIN ENTRY--AUTHOR NAME | |
| Personal name | Chinnu S.R |
| -- | Mohammed favazil |
| -- | Rachana C |
| 245 ## - TITLE STATEMENT | |
| Title | Development and testing of mini tractor operated coleus digger |
| 260 ## - PUBLICATION, DISTRIBUTION, ETC. (IMPRINT) | |
| Place of publication | Thavanur |
| Name of publisher | Department of farm power machinery and energy |
| Year of publication | 2018 |
| 300 ## - PHYSICAL DESCRIPTION | |
| Number of Pages | 53 |
| Accompanying material | CD |
| 700 ## - ADDED ENTRY--PERSONAL NAME | |
| Personal name | Jayan P.R |
| 856 ## - ELECTRONIC LOCATION AND ACCESS | |
| Uniform Resource Identifier | <a href="https://drive.google.com/open?id=1kmuN41DgIZpcR2BFoJpw0qVSAF2prM3a">https://drive.google.com/open?id=1kmuN41DgIZpcR2BFoJpw0qVSAF2prM3a</a> |
| 942 ## - ADDED ENTRY ELEMENTS (KOHA) | |
| Koha item type | Project Report |
| Withdrawn status | Lost status | Damaged status | Home library | Current library | Date acquired | Full call number | Accession Number | Koha item type |
|---|---|---|---|---|---|---|---|---|
| KAUAET | KAUAET | 25/07/2018 | 631.1 CHI/DE | P 407 | Project Report |
